Actors who worked with F. Gary Gray - Statistics

General Stats
  • This quiz has been taken 6 times
  • The average score is 36 of 84
Answer Stats
Films Answer % Correct
The Fate of the Furious, The Italian Job Charlize Theron
100%
Friday Ice Cube
100%
Law Abiding Citizen Jamie Foxx
100%
The Fate of the Furious, The Italian Job Jason Statham
100%
The Fate of the Furious, A Man Apart Vin Diesel
100%
Set It Off Vivica A. Fox
100%
Men in Black: International Chris Hemsworth
80%
The Fate of the Furious, Be Cool Dwayne Johnson
80%
The Italian Job Edward Norton
80%
Law Abiding Citizen Gerard Butler
80%
Set It Off Jada Pinkett Smith
80%
Men in Black: International Liam Neeson
80%
The Fate of the Furious Ludacris
80%
The Italian Job Mark Wahlberg
80%
The Fate of the Furious Michelle Rodriguez
80%
Straight Outta Compton O'Shea Jackson Jr.
80%
The Negotiator Samuel L. Jackson
80%
The Italian Job Seth Green
80%
Friday Chris Tucker
60%
The Italian Job Donald Sutherland
60%
Men in Black: International Emma Thompson
60%
Be Cool John Travolta
60%
Lift Kevin Hart
60%
The Negotiator Kevin Spacey
60%
The Fate of the Furious Kurt Russell
60%
The Fate of the Furious Luke Evans
60%
The Fate of the Furious Nathalie Emmanuel
60%
Set It Off Queen Latifah
60%
Men in Black: International Tessa Thompson
60%
The Fate of the Furious Tyrese Gibson
60%
Be Cool Uma Thurman
60%
Lift Billy Magnussen
40%
Straight Outta Compton Corey Hawkins
40%
Be Cool Danny DeVito
40%
The Fate of the Furious Elsa Pataky
40%
Lift Jean Reno
40%
The Fate of the Furious Kristofer Hivju
40%
Straight Outta Compton Lakeith Stanfield
40%
Straight Outta Compton, The Negotiator Paul Giamatti
40%
The Fate of the Furious Scott Eastwood
40%
A Man Apart Timothy Olyphant
40%
Lift Vincent D'Onofrio
40%
Law Abiding Citizen Viola Davis
40%
Straight Outta Compton Aldis Hodge
20%
Straight Outta Compton Alexandra Shipp
20%
Friday Bernie Mac
20%
Law Abiding Citizen Bruce McGill
20%
Straight Outta Compton Carra Patterson
20%
Be Cool Cedric the Entertainer
20%
Law Abiding Citizen Colm Meaney
20%
The Negotiator David Morse
20%
The Negotiator Dean Norris
20%
Straight Outta Compton Elena Goode
20%
A Man Apart Geno Silva
20%
Lift Gugu Mbatha-Raw
20%
Be Cool Harvey Keitel
20%
Lift Jacob Batalon
20%
Be Cool James Woods
20%
Straight Outta Compton Jason Mitchell
20%
The Negotiator John Spencer
20%
Friday John Witherspoon
20%
The Negotiator J. T. Walsh
20%
Set It Off Kimberly Elise
20%
A Man Apart Larenz Tate
20%
Law Abiding Citizen Leslie Bibb
20%
Straight Outta Compton Marlon Yates Jr.
20%
Law Abiding Citizen Michael Irby
20%
Law Abiding Citizen Michael Kelly
20%
Straight Outta Compton Neil Brown Jr.
20%
Friday Nia Long
20%
Men in Black: International Rafe Spall
20%
Men in Black: International Rebecca Ferguson
20%
Law Abiding Citizen Regina Hall
20%
Friday Regina King
20%
Straight Outta Compton R. Marcos Taylor
20%
The Negotiator Ron Rifkin
20%
Lift Sam Worthington
20%
Friday Tommy Lister Jr.
20%
Lift Úrusla Corberó
20%
Be Cool Vince Vaughn
20%
The Italian Job Yasiin Bey
20%
Lift Burn Gorman
0%
Men in Black: International Kumail Nanjiani
0%
Friday Michael Clarke Duncan
0%
No matching quizzes found
Score Distribution
Percent of People with Each Score
Percentile by Number Answered
Your Score History
You have not taken this quiz